[Event "TCh-RUS"]
[Site "Sochi RUS"]
[Date "2007.05.02"]
[Round "1"]
[White "Yakovich,Yur"]
[Black "Jobava,Ba"]
[Result "0-1"]
[WhiteElo "2600"]
[BlackElo "2658"]
[EventDate "2007.05.02"]

1. d4 Nf6 2. c4 e6 3. Nf3 b6 4. Nc3 Bb7 5. Bg5 Be7 6. Qc2 h6 7. Bh4 c5 8.
dxc5 bxc5 9. e3 O-O 10. Be2 d6 11. O-O Nbd7 12. Rfd1 Qb6 13. Rd2 Rfd8 14.
Rad1 Nf8 15. h3 Rd7 16. Ne1 Rad8 17. Bf3 Ng6 18. Bg3 Bc6 19. Bxc6 Qxc6 20.
Nf3 a6 21. Bh2 Rb8 22. b3 Rbd8 23. Qd3 d5 24. cxd5 exd5 25. Qf5 d4 26. exd4
cxd4 27. Na4 d3 28. Nb2 Rd5 29. Ne5 Rxe5 0-1

[Event "TCh-RUS"]
[Site "Sochi RUS"]
[Date "2007.05.02"]
[Round "1"]
[White "Khairullin,I"]
[Black "Lastin,A"]
[Result "1/2-1/2"]
[WhiteElo "2586"]
[BlackElo "2590"]
[EventDate "2007.05.02"]

1. e4 e5 2. Nf3 Nc6 3. Bb5 a6 4. Ba4 Nf6 5. O-O Bc5 6. c3 b5 7. Bb3 d6 8.
a4 Bg4 9. d3 Rb8 10. Nbd2 O-O 11. h3 Be6 12. axb5 axb5 13. Re1 Bb6 14. Nf1
h6 15. Ng3 d5 16. exd5 Nxd5 17. Bc2 Re8 18. Bd2 Qd6 19. Ne4 Qf8 20. Ng3 Qd6
21. Ne4 1/2-1/2

[Event "TCh-RUS"]
[Site "Sochi RUS"]
[Date "2007.05.02"]
[Round "1"]
[White "Maletin,P"]
[Black "Iljin,A"]
[Result "1-0"]
[WhiteElo "2541"]
[BlackElo "2538"]
[EventDate "2007.05.02"]

1. g3 Nf6 2. Bg2 d5 3. Nf3 c6 4. O-O Bg4 5. c4 e6 6. d3 Nbd7 7. Be3 Bd6 8.
Qb3 Qb8 9. Nc3 O-O 10. cxd5 exd5 11. Bd4 Bxf3 12. Bxf3 Be5 13. Bxe5 Nxe5
14. Bg2 d4 15. Na4 Qc8 16. Rac1 Rb8 17. e4 dxe3 18. fxe3 Qd8 19. d4 Ned7
20. Kh1 Ne8 21. e4 Nc7 22. Rcd1 Qe7 23. Qc2 Rfd8 24. a3 Nb5 25. Nc3 Nc7 26.
e5 Ne6 27. Qf2 Nb6 28. Ne4 Rd7 29. Nd6 Rf8 30. Qe3 Nc8 31. Nf5 Qd8 32. Bh3
c5 33. Qe4 cxd4 34. Qg4 g6 35. Nh6+ Kg7 36. Nxf7 Rdxf7 37. Rxf7+ Rxf7 38.
Qxe6 Ne7 39. Qd6 Qxd6 40. exd6 Nf5 41. Bxf5 gxf5 42. Rxd4 Rd7 43. Kg2 Kf6
44. Kf3 Ke5 45. Rd2 a5 46. g4 fxg4+ 47. Kxg4 b6 48. h4 Rg7+ 49. Kh5 Rd7 50.
Kg5 Rg7+ 51. Kh6 Rd7 52. Rd3 Ke6 53. h5 a4 54. Rd4 b5 55. Rb4 Rb7 56. Rg4
Kxd6 57. Rg7 Rb8 58. Kxh7 Ke6 59. Kg6 b4 60. h6 bxa3 61. bxa3 Rb3 62. h7
Rg3+ 63. Kh5 Rh3+ 64. Kg5 Ke5 65. Re7+ Kd6 66. Ra7 Ke5 67. Kg6 Ke6 68. Kg7
Rg3+ 69. Kf8 1-0

[Event "TCh-RUS"]
[Site "Sochi RUS"]
[Date "2007.05.02"]
[Round "1"]
[White "Savchenko,B"]
[Black "Zvjaginsev,V"]
[Result "1/2-1/2"]
[WhiteElo "2583"]
[BlackElo "2659"]
[EventDate "2007.05.02"]

1. e4 e5 2. Nf3 Nc6 3. d4 exd4 4. Nxd4 Bc5 5. Nxc6 Qf6 6. Qf3 dxc6 7. Bc4
Ne7 8. Qxf6 gxf6 9. Bf4 Bd6 10. Bxd6 cxd6 11. Nc3 Be6 12. Bd3 O-O-O 13. f4
f5 14. O-O Rhg8 15. Rae1 h6 16. Rf3 Rg7 17. Rg3 Rxg3 18. hxg3 fxe4 19. Nxe4
Ng8 20. Kf2 Kd7 21. f5 Bd5 22. Nc3 Nf6 23. Nxd5 Nxd5 24. Bc4 Nf6 25. Bxf7
Ng4+ 26. Ke2 Ke7 27. Bh5 Ne5 28. Ke3 Kf6 29. Kf4 Rd7 30. Rh1 Re7 31. Bf3
Nf7 32. g4 Re5 33. b4 a6 34. c4 Re8 35. a4 Kg7 36. Rd1 Kf6 37. Be4 Rc8 38.
Rh1 Kg7 39. Bf3 Kf6 40. Rxh6+ Nxh6 41. g5+ Kg7 42. f6+ Kf7 43. gxh6 Kxf6
44. Be4 a5 45. bxa5 Ra8 46. g4 Rxa5 47. Bf5 Rxa4 48. g5+ Kf7 49. g6+ Kf6
50. g7 Ra8 51. Bh7 b5 52. g8=Q 1/2-1/2

[Event "TCh-RUS"]
[Site "Sochi RUS"]
[Date "2007.05.02"]
[Round "1"]
[White "Riazantsev,A"]
[Black "Tiviakov,S"]
[Result "1/2-1/2"]
[WhiteElo "2621"]
[BlackElo "2663"]
[EventDate "2007.05.02"]

1. d4 Nf6 2. c4 e6 3. g3 d5 4. Bg2 Bb4+ 5. Nd2 O-O 6. Ngf3 dxc4 7. Qc2 c5
8. dxc5 c3 9. bxc3 Bxc5 10. O-O Nc6 11. Ne4 Be7 12. Rd1 Qa5 13. Nd4 Nxd4
14. cxd4 Bd7 15. Nxf6+ Bxf6 16. Bxb7 Rab8 17. Be4 Ba4 18. Qd2 Qd8 19. Ba3
Re8 20. Bc2 Bxc2 21. Qxc2 Bxd4 1/2-1/2

[Event "TCh-RUS"]
[Site "Sochi RUS"]
[Date "2007.05.02"]
[Round "1"]
[White "Bezgodov,A"]
[Black "Galkin,A"]
[Result "1/2-1/2"]
[WhiteElo "2561"]
[BlackElo "2590"]
[EventDate "2007.05.02"]

1. e4 c6 2. d4 d5 3. e5 Bf5 4. Nd2 e6 5. Nb3 Be7 6. Bd3 Bxd3 7. Qxd3 Nd7 8.
Nf3 h5 9. h3 a6 10. O-O Nh6 11. Bd2 Nf5 12. Na5 Qc7 13. c4 b6 14. Nb3 dxc4
15. Qxc4 c5 16. dxc5 Nxc5 17. Rac1 Qb7 18. Nxc5 Bxc5 19. Bb4 Rc8 20. Bxc5
Rxc5 21. Qa4+ Rb5 22. Rc2 O-O 23. Qf4 Rd5 24. Rfc1 b5 25. Kh2 Qb6 26. Rc8
Rxc8 27. Rxc8+ Rd8 28. Rxd8+ Qxd8 29. Qe4 a5 30. a3 h4 31. Qc6 Nd4 32. Nxd4
1/2-1/2

[Event "TCh-RUS"]
[Site "Sochi RUS"]
[Date "2007.05.03"]
[Round "2"]
[White "Najer,E"]
[Black "Riazantsev,A"]
[Result "1/2-1/2"]
[WhiteElo "2624"]
[BlackElo "2621"]
[EventDate "2007.05.02"]

1. e4 e6 2. d4 d5 3. Nc3 Nf6 4. e5 Nfd7 5. f4 c5 6. Nf3 Nc6 7. Be3 Be7 8.
Qd2 O-O 9. dxc5 Bxc5 10. O-O-O Qa5 11. Bxc5 Nxc5 12. h4 Bd7 13. Rh3 Rab8
14. h5 b5 15. f5 exf5 16. Rg3 Ne6 17. Qh6 Nb4 18. Rxg7+ Nxg7 19. Ng5 Rfc8
20. Qxh7+ Kf8 21. h6 Rxc3 22. Qxg7+ Ke7 23. Qf6+ Ke8 24. bxc3 Nxa2+ 25. Kb2
Qxc3+ 26. Kb1 Qa3 27. Qh8+ Ke7 28. Qf6+ Ke8 29. Qh8+ 1/2-1/2

[Event "TCh-RUS"]
[Site "Sochi RUS"]
[Date "2007.05.03"]
[Round "2"]
[White "Kurnosov,I"]
[Black "Volkov,Sergey1"]
[Result "1/2-1/2"]
[WhiteElo "2566"]
[BlackElo "2640"]
[EventDate "2007.05.02"]

1. d4 d5 2. c4 c6 3. Nc3 Nf6 4. Nf3 a6 5. c5 Nbd7 6. g3 g6 7. Bg2 Bg7 8.
O-O O-O 9. Qc2 Re8 10. Rd1 Nf8 11. h3 h6 12. Ne5 Bf5 13. Qb3 Qc8 14. Na4
N6d7 15. g4 Be6 16. Bf4 g5 17. Bg3 Bxe5 18. Bxe5 Nxe5 19. Nb6 Qc7 20. Nxa8
Rxa8 21. dxe5 Nd7 22. e3 d4 23. Qd3 dxe3 24. Qxe3 Nxe5 25. Qg3 f6 26. Rd4
Kf7 27. b3 Rh8 28. Re1 h5 29. Rde4 hxg4 30. hxg4 Qd7 1/2-1/2

[Event "TCh-RUS"]
[Site "Sochi RUS"]
[Date "2007.05.03"]
[Round "2"]
[White "Bezgodov,A"]
[Black "Kiriakov,P"]
[Result "1/2-1/2"]
[WhiteElo "2561"]
[BlackElo "2540"]
[EventDate "2007.05.02"]

1. e4 e6 2. d4 d5 3. Nc3 Nf6 4. Bg5 dxe4 5. Nxe4 Be7 6. Bxf6 gxf6 7. Nf3 f5
8. Nc3 a6 9. Qd2 b5 10. O-O-O b4 11. Na4 Bb7 12. Qe3 Qd5 13. Nc5 Bc6 14. b3
Bb5 15. a4 Bxf1 16. Rhxf1 Nc6 17. Rfe1 Rg8 18. Nd3 Bd6 19. g3 Rg4 20. Nb2
Re4 21. Qd3 Bf8 1/2-1/2

[Event "TCh-RUS"]
[Site "Sochi RUS"]
[Date "2007.05.03"]
[Round "2"]
[White "Inarkiev,E"]
[Black "Khairullin,I"]
[Result "1/2-1/2"]
[WhiteElo "2669"]
[BlackElo "2586"]
[EventDate "2007.05.02"]

1. d4 Nf6 2. c4 e6 3. g3 Bb4+ 4. Bd2 Be7 5. Bg2 d5 6. Nf3 O-O 7. O-O c6 8.
b3 b6 9. Bc3 Bb7 10. Nbd2 Nbd7 11. Re1 c5 12. cxd5 Nxd5 13. Bb2 Rc8 14. Rc1
cxd4 15. Nxd4 Rxc1 16. Qxc1 Qa8 17. Nc4 N5f6 18. f3 Rc8 19. Ba3 Bc5 20.
Bxc5 Rxc5 21. Qa3 e5 22. Nf5 e4 23. Nfd6 exf3 24. exf3 Bxf3 25. Nxb6 axb6
26. Qxa8+ Bxa8 27. Bxa8 Ra5 28. Bc6 Rxa2 29. Bxd7 Nxd7 30. Re8+ Nf8 31. Rb8
g6 32. b4 Rd2 33. Ne4 Re2 34. Nc3 Rd2 35. Kf1 Kg7 36. Rxb6 Nd7 37. Rb7 Ne5
38. Re7 Nc6 39. Re4 f5 40. Rc4 Ne5 41. Rc7+ Kh6 42. b5 Rb2 43. h3 Nf3 44.
Re7 Rb3 45. Rc7 Rb2 46. Rd7 1/2-1/2

[Event "TCh-RUS"]
[Site "Sochi RUS"]
[Date "2007.05.03"]
[Round "2"]
[White "Iskusnyh,S"]
[Black "Savchenko,B"]
[Result "1/2-1/2"]
[WhiteElo "2463"]
[BlackElo "2583"]
[EventDate "2007.05.02"]

1. d4 Nf6 2. c4 e6 3. Nf3 d5 4. g3 dxc4 5. Bg2 a6 6. O-O Nc6 7. e3 Bd7 8.
Nc3 Nd5 9. Nd2 Nb6 10. Qe2 Na5 11. Nf3 Be7 12. Ne5 O-O 13. Rd1 Bb5 14. Bd2
Bd6 15. Nxb5 axb5 16. b4 cxb3 17. Qxb5 c6 18. Qe2 Na4 19. Nd3 bxa2 20. Rxa2
Nc4 21. Be1 Qe7 22. Rda1 Nab6 23. Rxa8 Rxa8 24. Rxa8+ Nxa8 25. Qa2 Nab6 26.
Qb3 e5 27. Nb2 Nxb2 28. Qxb2 Nd5 29. Bxd5 cxd5 30. dxe5 Bxe5 31. Qb5 h5 32.
Qxd5 g6 33. h4 b6 34. Kg2 Qd6 35. Qb5 Qe6 36. Bb4 Kg7 37. Ba3 Bf6 38. Bb4
Kh7 39. Kg1 Be5 40. Kg2 Bd6 41. Bc3 Qe4+ 42. Kf1 Bxg3 43. Qxb6 Bxh4 44. Qd4
Qxd4 45. Bxd4 g5 46. Bf6 Kg6 47. Bd8 f6 48. e4 Kf7 49. Kg2 Ke6 50. Ba5 Ke5
51. Bc3+ Ke6 52. Ba5 Ke7 53. f3 Kf7 54. Bb4 Kg6 55. Bd2 Kh6 56. Bb4 g4 57.
Be7 Bg5 58. Kg3 f5 59. Bf8+ 1/2-1/2

[Event "TCh-RUS"]
[Site "Sochi RUS"]
[Date "2007.05.03"]
[Round "2"]
[White "Potkin,V"]
[Black "Sambuev,B"]
[Result "1-0"]
[WhiteElo "2593"]
[BlackElo "2485"]
[EventDate "2007.05.02"]

1. d4 Nf6 2. Nf3 g6 3. c4 Bg7 4. g3 O-O 5. Bg2 d6 6. O-O Nbd7 7. Nc3 e5 8.
e4 a6 9. Re1 c6 10. b3 b5 11. cxb5 axb5 12. Bb2 Bb7 13. dxe5 Nxe5 14. Nxe5
dxe5 15. Qc2 Qb6 16. a4 Rfd8 17. Bf1 Bh6 18. Rad1 Qc5 19. Qe2 b4 20. Nb1
Nd7 21. Qf3 Qe7 22. Nd2 Nc5 23. Nc4 f6 24. Nb6 Rxd1 25. Rxd1 Rd8 26. a5 Kg7
27. h4 Rd6 28. Ra1 Na6 29. Bc4 Qc7 30. h5 Nc5 31. Na4 Nd7 32. Nb6 Nc5 33.
hxg6 hxg6 34. Kg2 Bg5 35. Rh1 Rd8 36. Qg4 Qb8 37. Bc1 Bxc1 38. Rxc1 Rd4 39.
Rh1 Rd8 40. Na4 Nxe4 41. Qh3 f5 42. Qh7+ Kf6 43. Rh6 1-0

[Event "TCh-RUS"]
[Site "Sochi RUS"]
[Date "2007.05.03"]
[Round "2"]
[White "Zvjaginsev,V"]
[Black "Moiseenko,A1"]
[Result "1/2-1/2"]
[WhiteElo "2659"]
[BlackElo "2630"]
[EventDate "2007.05.02"]

1. e4 c5 2. Nc3 Nc6 3. g3 g6 4. Bg2 Bg7 5. d3 d6 6. f4 e6 7. Nh3 Nge7 8.
O-O O-O 9. Be3 b6 10. Bf2 Bb7 11. Qd2 Qd7 12. Rae1 Rae8 13. g4 f5 14. gxf5
exf5 15. Ng5 Nd4 16. Bxd4 Bxd4+ 17. Kh1 h6 18. Nf3 Bg7 19. Nh4 1/2-1/2

[Event "TCh-RUS"]
[Site "Sochi RUS"]
[Date "2007.05.03"]
[Round "2"]
[White "Gelfand,B"]
[Black "Bocharov,D"]
[Result "1-0"]
[WhiteElo "2733"]
[BlackElo "2614"]
[EventDate "2007.05.02"]

1. d4 Nf6 2. c4 e6 3. Nf3 Bb4+ 4. Nbd2 O-O 5. a3 Be7 6. e4 d5 7. Qc2 c5 8.
dxc5 dxe4 9. Nxe4 Nxe4 10. Qxe4 Nc6 11. Bf4 Bxc5 12. Rd1 Qb6 13. b4 Bxf2+
14. Ke2 f5 15. Qc2 e5 16. c5 Qc7 17. Kxf2 exf4 18. Bc4+ Kh8 19. Qc3 Bd7 20.
Rhe1 Rae8 21. Rd6 Rxe1 22. Qxe1 Rf6 23. Ng5 h6 24. Nf7+ Kh7 25. Rxf6 gxf6
26. Qd1 Qc8 27. Qd6 Kg6 28. b5 1-0

[Event "TCh-RUS"]
[Site "Sochi RUS"]
[Date "2007.05.04"]
[Round "3"]
[White "Volokitin,And"]
[Black "Lysyj,I"]
[Result "1/2-1/2"]
[WhiteElo "2654"]
[BlackElo "2590"]
[EventDate "2007.05.02"]

1. e4 e6 2. d4 d5 3. Nc3 dxe4 4. Nxe4 Nd7 5. Nf3 Ngf6 6. Nxf6+ Nxf6 7. Be2
c5 8. O-O cxd4 9. Qxd4 Qxd4 10. Nxd4 Bc5 11. Nb3 Bd6 12. Bf3 O-O 13. Na5
Rb8 14. Be3 Nd7 15. Nc4 Bc5 16. Bf4 Ra8 17. Rfd1 Nb6 18. Na5 Nd5 19. Bg3
Bb4 20. Nb3 a5 21. c4 Nf6 22. c5 a4 23. a3 Ba5 24. Nxa5 Rxa5 25. c6 Nd5 26.
Bd6 Re8 27. c7 Bd7 28. Bb4 Rb5 29. Rac1 Rc8 30. Rd2 h6 31. h4 g6 32. Bd6
Rb6 33. Be5 Bc6 34. Be2 Nxc7 35. Bd4 Rd8 36. Rcc2 Rb3 37. Bc4 Rb5 38. Bxb5
Nxb5 39. Be3 Rxd2 40. Rxd2 Kg7 41. Rd8 Nc7 42. Bd4+ f6 43. f4 Nd5 44. g3 h5
45. Kf2 Kf7 46. Rb8 Kg7 47. Ke2 Ne7 48. Kf2 Nd5 49. Ke2 Ne7 50. Kd3 Kf7 51.
Bc5 Nf5 52. Rf8+ Kg7 53. Rc8 e5 54. Rc7+ Kg8 55. Bf2 Kf8 56. Be1 Ke8 57.
Kc4 e4 58. Bc3 Ne3+ 59. Kc5 Nd5 60. Rh7 Kf8 61. Rh8+ Ke7 62. Kd4 Ke6 63.
Bb4 Kf5 64. Rd8 Nc7 65. Ke3 Nd5+ 66. Kd4 Nc7 67. Rg8 Ne6+ 68. Ke3 Bd5 69.
Bc3 Bc6 70. Rc8 Bd7 71. Ra8 Nc7 72. Ra5+ Nb5 73. Bd4 Kg4 74. Bxf6 Kxg3 75.
Kxe4 Nd6+ 76. Kd3 Nf5 77. Bg5 Nxh4 78. Bxh4+ Kxh4 79. Rg5 Bg4 80. Ke3 Kg3
81. Rxg6 h4 82. f5 h3 83. f6 h2 84. Rh6 Be6 85. Rh7 Bh3 86. Rg7+ Bg4 87. f7
h1=Q 88. f8=Q Qc1+ 89. Kd3 Qd1+ 90. Kc4 Qc2+ 91. Kd5 Qb3+ 92. Kc5 Qc2+ 93.
Kb6 Qxb2+ 94. Ka7 Qd4+ 95. Kb8 b5 96. Qe7 Qb6+ 97. Qb7 Qxb7+ 98. Kxb7 Kf4
99. Kc6 Be2 100. Re7 Bc4 101. Kd6 Kf5 102. Re5+ Kf4 103. Re8 Kf5 104. Kc5
Kf6 105. Kd6 Kf5 106. Kc5 1/2-1/2

[Event "TCh-RUS"]
[Site "Sochi RUS"]
[Date "2007.05.04"]
[Round "3"]
[White "Maletin,P"]
[Black "Kobalia,M"]
[Result "1/2-1/2"]
[WhiteElo "2541"]
[BlackElo "2639"]
[EventDate "2007.05.02"]

1. Nf3 d5 2. g3 Bg4 3. Bg2 Nd7 4. c4 c6 5. cxd5 cxd5 6. Nc3 e6 7. Qa4 Bxf3
8. Bxf3 Ngf6 9. O-O Be7 10. d4 O-O 11. Qb3 Nb6 12. a4 Qd7 13. a5 Nc4 14. e4
dxe4 15. Nxe4 Nxe4 16. Bxe4 Nd6 17. Bg2 Rad8 18. a6 bxa6 19. d5 exd5 20.
Qxd5 Qb5 1/2-1/2

[Event "TCh-RUS"]
[Site "Sochi RUS"]
[Date "2007.05.04"]
[Round "3"]
[White "Korneev,O"]
[Black "Sorokin,M"]
[Result "1/2-1/2"]
[WhiteElo "2565"]
[BlackElo "2517"]
[EventDate "2007.05.02"]

1. e4 e5 2. Nf3 Nc6 3. Bb5 Nf6 4. O-O Nxe4 5. d4 Nd6 6. Bxc6 dxc6 7. dxe5
Nf5 8. Qxd8+ Kxd8 9. Nc3 Ne7 10. Bf4 Bg4 11. Nd4 c5 12. Nde2 b6 13. h3 Bf5
14. Rad1+ Kc8 15. Rd2 h5 16. Ng3 Be6 17. Nge4 Ng6 18. Bh2 Be7 19. Nd5 h4
20. f4 Bf5 21. Nf2 Bf8 22. Ne3 Ne7 23. Nfg4 g6 24. Nxf5 Nxf5 25. Kf2 Be7
26. Kf3 Kb7 27. Bg1 Rad8 28. Rfd1 Rxd2 29. Rxd2 Kc6 30. c3 b5 31. Ne3 Nxe3
32. Bxe3 c4 33. Bd4 a5 34. Ke4 Rh5 35. Rf2 Rf5 36. Rf3 Kd7 37. Rf2 Ke6 38.
Be3 g5 39. fxg5 Rxe5+ 40. Kf3 Bxg5 41. Bxg5 Rxg5 42. Re2+ Kf6 43. Re4 Rd5
44. Rxh4 Rd2 45. a4 Rxb2 46. axb5 Rxb5 47. Rxc4 Rb7 48. Ke4 Ra7 49. Ra4 Ke6
50. g4 f6 51. h4 Ra6 52. c4 c5 53. h5 Rd6 54. Rxa5 Rd4+ 55. Kf3 Rxc4 56.
Ra8 Rc3+ 57. Ke4 Rc4+ 58. Kf3 Rc3+ 59. Ke4 Rc4+ 60. Kf3 1/2-1/2

[Event "TCh-RUS"]
[Site "Sochi RUS"]
[Date "2007.05.04"]
[Round "3"]
[White "Khairullin,I"]
[Black "Landa,K"]
[Result "1/2-1/2"]
[WhiteElo "2586"]
[BlackElo "2608"]
[EventDate "2007.05.02"]

1. e4 c6 2. d4 d5 3. e5 c5 4. Nf3 Bg4 5. c4 cxd4 6. Qa4+ Bd7 7. Qb3 dxc4 8.
Bxc4 e6 9. Nxd4 Nc6 10. Nxc6 Bxc6 11. Bb5 Bc5 12. Bxc6+ bxc6 13. O-O Ne7
14. Nd2 O-O 15. Nf3 Qb6 16. Qc4 Rad8 17. Bd2 Rd5 18. Bc3 Qb5 19. Qe4 h6 20.
Rac1 Rfd8 21. Rc2 1/2-1/2

[Event "TCh-RUS"]
[Site "Sochi RUS"]
[Date "2007.05.04"]
[Round "3"]
[White "Potkin,V"]
[Black "Iljin,A"]
[Result "1/2-1/2"]
[WhiteElo "2593"]
[BlackElo "2538"]
[EventDate "2007.05.02"]

1. d4 Nf6 2. c4 e6 3. Nf3 b6 4. g3 Ba6 5. Qc2 Bb7 6. Bg2 c5 7. d5 exd5 8.
cxd5 Nxd5 9. O-O Be7 10. Rd1 Qc8 11. Bg5 h6 12. Bxe7 Nxe7 13. e4 O-O 14.
Nc3 Nbc6 15. Rd2 Nd8 16. Nb5 Ne6 17. Nd6 Qc7 18. Qc3 Rad8 19. Rad1 Bc6 20.
Nh4 Nd4 21. Rxd4 cxd4 22. Rxd4 b5 23. Nhf5 Nxf5 24. exf5 f6 25. h4 Kh7 26.
b4 Qb6 27. Qd2 Rde8 28. Nxe8 Rxe8 29. Rd6 Qc7 30. Bxc6 dxc6 31. Qd4 Re4 32.
Qxe4 Qxd6 33. Qe8 Qxb4 34. Qg6+ Kh8 35. Qe8+ Kh7 36. Qg6+ Kg8 37. Qe8+ Kh7
1/2-1/2

[Event "TCh-RUS"]
[Site "Sochi RUS"]
[Date "2007.05.04"]
[Round "3"]
[White "Alekseev,Evgeny"]
[Black "Miton,K"]
[Result "1/2-1/2"]
[WhiteElo "2679"]
[BlackElo "2653"]
[EventDate "2007.05.02"]

1. e4 c6 2. d4 d5 3. e5 Bf5 4. Nf3 e6 5. Be2 Nd7 6. O-O h6 7. b3 Ne7 8. c4
Ng6 9. Re1 Bb4 10. Bd2 Bxd2 11. Nbxd2 O-O 12. Bf1 Nh4 13. g3 Nxf3+ 14. Nxf3
a5 15. Bd3 Bxd3 16. Qxd3 Qb6 17. Kg2 Rfd8 18. h4 Qa6 19. Qc2 a4 20. Rac1
axb3 21. axb3 Qa2 22. cxd5 Qxc2 23. Rxc2 exd5 24. b4 Nb6 25. b5 Nc4 26.
bxc6 bxc6 27. e6 Re8 28. Rce2 fxe6 29. Rxe6 Rxe6 30. Rxe6 Ra2 31. g4 Kf8
32. g5 hxg5 33. hxg5 Kf7 34. Rxc6 Ne3+ 35. Kg3 Nf1+ 36. Kg2 Ne3+ 37. Kg3
Nf5+ 38. Kg4 Rxf2 39. g6+ Ke7 40. Kxf5 Rxf3+ 41. Ke5 Rg3 42. Kxd5 Rg1 43.
Ra6 Rd1 44. Re6+ Kd7 45. Rb6 Ke7 46. Ra6 Re1 47. Ra2 Rg1 48. Ra7+ Kf6 49.
Ra6+ Ke7 50. Ke5 Re1+ 51. Kd5 1/2-1/2

[Event "TCh-RUS"]
[Site "Sochi RUS"]
[Date "2007.05.04"]
[Round "3"]
[White "Kazhgaleyev,M"]
[Black "Tomashevsky,E"]
[Result "1/2-1/2"]
[WhiteElo "2603"]
[BlackElo "2641"]
[EventDate "2007.05.02"]

1. d4 Nf6 2. c4 e6 3. Nf3 b6 4. g3 Ba6 5. Qc2 Bb4+ 6. Bd2 Be7 7. Bg2 c6 8.
O-O d5 9. Ne5 Nfd7 10. Nxd7 Nxd7 11. cxd5 cxd5 12. Nc3 1/2-1/2

[Event "TCh-RUS"]
[Site "Sochi RUS"]
[Date "2007.05.04"]
[Round "3"]
[White "Sakaev,K"]
[Black "Bezgodov,A"]
[Result "1/2-1/2"]
[WhiteElo "2633"]
[BlackElo "2561"]
[EventDate "2007.05.02"]

1. d4 d5 2. Nf3 c5 3. c4 e6 4. cxd5 exd5 5. g3 Nc6 6. Bg2 Nf6 7. O-O Be7 8.
Nc3 O-O 9. Bg5 cxd4 10. Nxd4 h6 11. Be3 Re8 12. Rc1 Bf8 13. Nb3 Be6 14. Bc5
Bxc5 15. Nxc5 Qe7 16. Nxe6 Qxe6 17. e3 Rad8 18. Qb3 d4 19. Qxe6 Rxe6 20.
exd4 Nxd4 21. Rfe1 Rxe1+ 22. Rxe1 Rd7 23. Kf1 g5 24. Rd1 Kg7 25. h3 b6 26.
Rd3 h5 27. Ne2 Ne6 28. Rxd7 Nxd7 29. Ke1 f5 30. Kd2 Kf6 31. Ke3 Ne5 32. Bd5
Nc7 33. Bb3 Ng6 34. f4 h4 35. gxh4 Nxh4 36. fxg5+ Kxg5 37. Nf4 Nb5 38. Ne6+
Kf6 39. a4 Nd6 40. Nf4 Ne4 41. Bc2 Ng5 42. b4 Ne6 43. Nxe6 Kxe6 44. Kd4
1/2-1/2

[Event "TCh-RUS"]
[Site "Sochi RUS"]
[Date "2007.05.04"]
[Round "3"]
[White "Nepomniachtchi,I"]
[Black "Inarkiev,E"]
[Result "0-1"]
[WhiteElo "2602"]
[BlackElo "2669"]
[EventDate "2007.05.02"]

1. e4 e5 2. Nf3 Nc6 3. Bc4 Nf6 4. d3 Bc5 5. c3 a6 6. h3 O-O 7. Nbd2 Re8 8.
Bb3 d6 9. Nf1 Be6 10. Ng3 h6 11. Nh2 Kh7 12. Qf3 Ng8 13. Ng4 Qd7 14. Nf5
Bxf5 15. exf5 e4 16. dxe4 d5 17. Ne3 dxe4 18. Qd1 Rad8 19. Qxd7 Rxd7 20.
Ng4 Na5 21. Bd1 Nc4 22. Be2 Nd6 23. Be3 Bxe3 24. Nxe3 Ne7 25. O-O-O Rdd8
26. g4 g6 27. f6 Ng8 28. g5 hxg5 29. h4 g4 30. Nxg4 Nh6 31. h5 g5 32. Rd5
Re6 33. Rxg5 Nxg4 34. Rxg4 Rxf6 35. Rh2 Kh6 36. Rhg2 Rf5 37. Rh4 Re8 38.
Kd2 Rd5+ 39. Ke1 Ree5 40. Rf4 Rg5 41. Rxg5 Rxg5 42. Rh4 Rg7 43. c4 c5 44.
b4 b6 45. bxc5 bxc5 46. Rh3 Rg1+ 47. Kd2 Nf5 48. Ra3 Kg5 49. Rxa6 Rb1 50.
h6 Rb2+ 51. Kd1 Nxh6 52. f4+ exf3 53. Bxf3 f5 54. Rc6 Ng4 55. Kc1 Rf2 56.
Bd5 Ne5 57. Re6 Nd3+ 58. Kb1 f4 59. Be4 Nb2 60. Re5+ Kh4 61. Kc1 Re2 62.
Rh5+ Kg4 63. Bg6 Na4 64. Rh8 f3 65. Bh5+ Kg3 66. Rg8+ Kf2 67. Rf8 Re3 68.
Kc2 Ra3 69. Bg6 Rc3+ 70. Kd2 Rxc4 71. Be8 Rd4+ 72. Kc2 Rd8 73. Rxf3+ Kxf3
74. Bxa4 Ke4 75. Bc6+ Kd4 76. a4 Rd6 77. Bb7 Rd7 78. Bc8 Rc7 79. Bf5 Kc4
80. a5 Kb4 81. a6 Rc6 82. a7 Ra6 0-1

[Event "TCh-RUS"]
[Site "Sochi RUS"]
[Date "2007.05.05"]
[Round "4"]
[White "Jobava,Ba"]
[Black "Roiz,M"]
[Result "1-0"]
[WhiteElo "2658"]
[BlackElo "2605"]
[EventDate "2007.05.02"]

1. e4 e5 2. Nf3 Nf6 3. d4 Nxe4 4. dxe5 d5 5. Be3 Be7 6. Nbd2 O-O 7. Bd3
Nxd2 8. Qxd2 Nc6 9. O-O Bg4 10. Be2 Qd7 11. Rad1 Rad8 12. h3 Bh5 13. c3
Rfe8 14. g4 Bg6 15. Nd4 Na5 16. f4 Be4 17. b3 c5 18. Nf3 Nc6 19. Qe1 Qc7
20. Nd2 Bc2 21. Rc1 d4 22. Rxc2 dxe3 23. Ne4 g5 24. Qg3 gxf4 25. Qxf4 Qxe5
26. Qxe3 Bf8 27. Bf3 Qg3+ 28. Rg2 Qh4 29. Qf4 Kh8 30. Ng5 c4 31. Qf6+ Kg8
32. Qxf7+ Kh8 33. Qf6+ Kg8 34. Bd5+ 1-0

[Event "TCh-RUS"]
[Site "Sochi RUS"]
[Date "2007.05.05"]
[Round "4"]
[White "Iljin,A"]
[Black "Tomashevsky,E"]
[Result "1/2-1/2"]
[WhiteElo "2538"]
[BlackElo "2641"]
[EventDate "2007.05.02"]

1. d4 Nf6 2. c4 e6 3. Nc3 Bb4 4. Qc2 c5 5. dxc5 O-O 6. a3 Bxc5 7. Nf3 b6 8.
Bf4 Bb7 9. Rd1 Nc6 10. e3 Nh5 11. Bg3 f5 12. Qd3 Qf6 13. Bd6 Bxd6 14. Qxd6
Rab8 15. Be2 Qg6 16. O-O Nf6 17. c5 bxc5 18. Qxc5 Rfc8 19. Rd2 Ba8 20. Rfd1
Ng4 21. Ne1 d5 22. Qd6 Nge5 23. Nb5 Qf6 24. Rc2 Nc4 25. Bxc4 dxc4 26. Nc3
Ne5 27. Rcd2 Bc6 1/2-1/2

[Event "TCh-RUS"]
[Site "Sochi RUS"]
[Date "2007.05.05"]
[Round "4"]
[White "Asrian,K"]
[Black "Shomoev,A"]
[Result "1/2-1/2"]
[WhiteElo "2635"]
[BlackElo "2551"]
[EventDate "2007.05.02"]

1. e4 c5 2. Nf3 d6 3. d4 cxd4 4. Nxd4 Nf6 5. Nc3 a6 6. a4 Nc6 7. Be2 e6 8.
Be3 Be7 9. O-O O-O 10. f4 Qc7 11. Kh1 Re8 12. Bf3 Bf8 13. Qe1 Nxd4 14. Bxd4
e5 15. Bg1 Be6 16. Qg3 exf4 17. Qxf4 Nd7 18. Ne2 Be7 19. Nd4 Bf6 20. Rad1
Be5 21. Qd2 Rac8 22. Nxe6 Rxe6 23. Bg4 Re7 24. c4 Rce8 25. Bxd7 Rxd7 26. b3
Rde7 27. Qd5 Re6 28. h3 Bc3 29. Bh2 Bb4 30. Rf4 Re5 31. Qd3 Qc6 32. Rg4
1/2-1/2

[Event "TCh-RUS"]
[Site "Sochi RUS"]
[Date "2007.05.05"]
[Round "4"]
[White "Romanov,E"]
[Black "Kazhgaleyev,M"]
[Result "0-1"]
[WhiteElo "2520"]
[BlackElo "2603"]
[EventDate "2007.05.02"]

1. e4 e5 2. Nf3 Nc6 3. Bb5 a6 4. Ba4 Nf6 5. O-O b5 6. Bb3 Bc5 7. a4 Rb8 8.
d3 d6 9. axb5 axb5 10. Be3 Bg4 11. h3 Bxf3 12. Qxf3 Nd4 13. Bxd4 Bxd4 14.
c3 Bb6 15. Na3 c6 16. Nc2 O-O 17. d4 Qc7 18. Nb4 Ra8 19. d5 c5 20. Nc6 c4
21. Bc2 Qb7 22. g3 Rxa1 23. Rxa1 Ra8 24. Qd1 g6 25. Kg2 Bc5 26. Qb1 Kg7 27.
Rxa8 Qxa8 28. b4 cxb3 29. Qxb3 Qa1 30. Bb1 h5 31. Nb4 h4 32. g4 Qa4 33.
Qxa4 bxa4 34. Na2 Nh7 35. Nc1 a3 36. Nd3 Ng5 37. Ne1 Kf6 38. f3 Be3 39. Nc2
Bc1 40. Nb4 Ke7 41. c4 Be3 42. Nc2 Bc5 43. Na1 Kd7 44. Nb3 Kc7 45. Nc1 Kb6
46. Nb3 Nh7 47. Kf1 Bb4 48. Ba2 Bc3 49. Bb1 Nf8 50. Ke2 Ba5 51. Ke3 g5 52.
Nc1 Kc5 53. Ba2 Kb4 54. Kd3 Bb6 55. Kc2 Kc5 56. Ne2 Ng6 57. Kb3 f6 58. Kc3
Ba5+ 59. Kc2 Bb4 60. Kd3 Be1 61. Kc2 Ba5 62. Kd3 Bb4 63. Kc2 Be1 64. Kd1
Bf2 65. Kc2 Bd4 66. Nc1 Bb2 67. Nd3+ Kd4 68. c5 dxc5 69. d6 Nf8 70. Bd5 c4
71. Nb4 Kc5 72. Na6+ Kxd6 73. Bxc4 Ng6 74. Bf1 Nf4 75. Kb3 Ne6 76. Ka2 Nd4
77. Nb4 Nxf3 78. Nd5 Nd2 79. Bd3 Kc5 80. Nxf6 Kd4 81. Bc2 Nf3 0-1

[Event "TCh-RUS"]
[Site "Sochi RUS"]
[Date "2007.05.05"]
[Round "4"]
[White "Korotylev,A"]
[Black "Grigoriants,S RUS"]
[Result "1/2-1/2"]
[WhiteElo "2620"]
[BlackElo "2594"]
[EventDate "2007.05.02"]

1. d4 Nf6 2. c4 e6 3. Nf3 b6 4. Nc3 Bb7 5. a3 d5 6. Qc2 dxc4 7. e4 c5 8. d5
exd5 9. exd5 Bd6 10. Bxc4 O-O 11. O-O h6 12. h3 Nbd7 13. Be3 a6 1/2-1/2

[Event "TCh-RUS"]
[Site "Sochi RUS"]
[Date "2007.05.05"]
[Round "4"]
[White "Popov,Iv RUS"]
[Black "Shipov,S"]
[Result "1/2-1/2"]
[WhiteElo "2533"]
[BlackElo "2592"]
[EventDate "2007.05.02"]

1. e4 e6 2. d4 d5 3. Nc3 Bb4 4. e5 c5 5. a3 Bxc3+ 6. bxc3 Ne7 7. Qg4 Kf8 8.
Bd2 b6 9. Bd3 Ba6 10. h4 h5 11. Qd1 Bxd3 12. cxd3 Nbc6 13. Nf3 c4 14. dxc4
dxc4 15. Bg5 Qd5 16. Bxe7+ Nxe7 17. O-O Qc6 18. a4 Nd5 19. Qd2 f6 20. Rfe1
Ke7 21. Nh2 1/2-1/2